Ciudades mayas prehispánicas - Estadísticas

Estadísticas generales
  • Esta prueba ha sido intentada 10 veces
  • La puntuación promedio es 4 de 12
Estadísticas de respuestas
Imagen Respuesta % Correcto
Chichén Itzá
100%
Palenque
60%
Tulum
60%
Tikal
50%
Calakmul
30%
Uxmal
30%
Bonampak
20%
Copán
10%
Ek Balam
10%
Becán
0%
Mayapán
0%
Quirigua
0%
No se encontraron pruebas coincidentes
Distribución de puntuación
Porcentaje de gente con cada puntuación
Porcentaje por número respondido
Historial de tus puntuaciones
No has intentado esta prueba.